Abraham Firkovich, the Aleppo codex, and its dedication
| Main Author: | |
|---|---|
| Format: | Print Article |
| Language: | English |
| Check availability: | HBZ Gateway |
| Interlibrary Loan: | Interlibrary Loan for the Fachinformationsdienste (Specialized Information Services in Germany) |
| Published: |
1999
|
| In: |
Jewish studies at the turn of the twentieth century ; 1: Biblical, rabbinical, and medieval studies
Year: 1999, Pages: 131-136 |
| Standardized Subjects / Keyword chains: | B
Old Testament
/ Hebrew language
/ Handwriting
|
| RelBib Classification: | HB Old Testament |
| Further subjects: | B
Firkovič, Avraam S (1786-1874)
B Codex of Aleppo |
MARC
| LEADER | 00000caa a22000002c 4500 | ||
|---|---|---|---|
| 001 | 1589560337 | ||
| 003 | DE-627 | ||
| 005 | 20220712115532.0 | ||
| 007 | tu | ||
| 008 | 190311s1999 xx ||||| 00| ||eng c | ||
| 020 | |a 9004115544 | ||
| 035 | |a (DE-627)1589560337 | ||
| 035 | |a (DE-576)519560337 | ||
| 035 | |a (DE-599)BSZ519560337 | ||
| 040 | |a DE-627 |b ger |c DE-627 |e rakwb | ||
| 041 | |a eng | ||
| 084 | |a 1 |a 0 |2 ssgn | ||
| 100 | 1 | |0 (DE-588)12945978X |0 (DE-627)707244269 |0 (DE-576)170200000 |4 aut |a Harviainen, Tapani |d 1944- | |
| 109 | |a Harviainen, Tapani 1944- |a Harviainen, Juha Mauri Tapani 1944- | ||
| 245 | 1 | 0 | |a Abraham Firkovich, the Aleppo codex, and its dedication |
| 264 | 1 | |c 1999 | |
| 336 | |a Text |b txt |2 rdacontent | ||
| 337 | |a ohne Hilfsmittel zu benutzen |b n |2 rdamedia | ||
| 338 | |a Band |b nc |2 rdacarrier | ||
| 600 | 1 | 7 | |0 (DE-588)119085682 |0 (DE-627)079878199 |0 (DE-576)211105309 |a Firkovič, Avraam S |d 1786-1874 |2 gnd |
| 630 | 0 | 7 | |0 (DE-588)4279277-0 |0 (DE-627)104395052 |0 (DE-576)210743050 |a Codex von Aleppo |2 gnd |
| 652 | |a HB | ||
| 689 | 0 | 0 | |d u |0 (DE-588)4001515-4 |0 (DE-627)104603666 |0 (DE-576)208843116 |a Bibel |2 gnd |p Altes Testament |
| 689 | 0 | 1 | |d s |0 (DE-588)4023922-6 |0 (DE-627)106301276 |0 (DE-576)208952055 |2 gnd |a Hebräisch |
| 689 | 0 | 2 | |d s |0 (DE-588)4023287-6 |0 (DE-627)10457187X |0 (DE-576)208948376 |2 gnd |a Handschrift |
| 689 | 0 | |5 (DE-627) | |
| 773 | 0 | 8 | |i In |t Jewish studies at the turn of the twentieth century ; 1: Biblical, rabbinical, and medieval studies |d Leiden : Brill, 1999 |g (1999), Seite 131-136 |h XII, 635 S. |w (DE-627)1153013878 |w (DE-576)083013873 |z 9004115544 |7 nnam |
| 773 | 1 | 8 | |g year:1999 |g pages:131-136 |
| 935 | |a BIIN | ||
| 951 | |a AR | ||
| BIB | |a 1 | ||
| ELC | |b 1 | ||
| ITA | |a 1 |t 1 | ||
| LOK | |0 000 xxxxxcx a22 zn 4500 | ||
| LOK | |0 001 3059572194 | ||
| LOK | |0 003 DE-627 | ||
| LOK | |0 004 1589560337 | ||
| LOK | |0 005 20190311213750 | ||
| LOK | |0 008 190311||||||||||||||||ger||||||| | ||
| LOK | |0 035 |a (DE-Tue135-1)180406 | ||
| LOK | |0 040 |a DE-Tue135-1 |c DE-627 |d DE-Tue135-1 | ||
| LOK | |0 852 |a DE-Tue135-1 | ||
| LOK | |0 852 1 |c UBS 2.7.2001/1150/HNT |m p |9 00 | ||
| LOK | |0 852 2 |b J400/1999-2,1 |9 00 | ||
| LOK | |0 935 |a iSWA | ||
| LOK | |0 936ln |0 1442044128 |a HB | ||
| LOK | |0 938 |k p | ||
| LOK | |0 939 |a 11-03-19 |b l12 | ||
| ORI | |a SA-MARC-ixtheoa001.raw | ||
| REF | |a Bibelhandschrift | ||
| REL | |a 1 | ||
| STA | 0 | 0 | |a Codex of Aleppo,Aleppo Codex,Handwriting,Manuscript,Script,Hebrew language,Old Hebrew language,Old Testament Hebrew language |
| STB | 0 | 0 | |a Hébreu,Écriture,Manuscrit |
| STC | 0 | 0 | |a Grafía,Manuscrito,Hebreo |
| STD | 0 | 0 | |a Ebraico,Grafia,Manoscritto |
| STE | 0 | 0 | |a 希伯来语,希伯来文,笔迹,手抄本,手稿 |
| STF | 0 | 0 | |a 希伯來語,希伯來文,筆跡,手抄本,手稿 |
| STG | 0 | 0 | |a Grafia,Manuscrito,Hebraico |
| STH | 0 | 0 | |a Иврит,Почерк,Рукопись |
| STI | 0 | 0 | |a Γραφικός χαρακτήρας (γραφολογία),Χειρόγραφο,Εβραϊκή γλώσσα |
| SUB | |a BIB |a REL | ||
| SYD | 0 | 0 | |a Kodex von Aleppo,Aleppo-Codex,Codex Alepensis,Aleppo-Israel-Codex |
| SYG | 0 | 0 | |a Hebrew Bible, critical edition,HBCE,Oxford Hebrew Bible,Biblia Hebraica quinta,BHQ,Biblia Hebraica,Masoretentext,Massoretentext,Masoretischer Text,Biblia Hebraica,Hebräische Bibel,Septuaginta,Septuagint,Altes Testament,Tenach,Testamentum vetus,Vetus testamentum,Erstes Testament,L'Ancien Testament,The Old Testament,Jüdische Bibel,Tanach,Tanakh,Tenakh,Miqra,al-ʿAhd al-ʿatīq,Torah neviʾim ketuvim,Torah neviʾim u-ketuvim,Sefer Torah neviʾim ketuvim,Tôrā nĕvîʾîm û-ḵtûvîm,Die Israelitische Bibel,The Hebrew Bible,Kyûyaku Seisho,Tèstamènt bieu,Antiguo Testamento,Nnom Elat,Bible,O.T.,Bible,Old Testament,תנ"ך,תנך , Althebräisch,Biblisches Hebräisch,Bibelhebräisch,Alttestamentliches Hebräisch,Klassisches Hebräisch,Biblisch-hebräisch , Buchhandschrift,Handschriften |



